Central Library OPAC University of Rajshahi

Laboratory manual in biochemistry / (Record no. 11556)

MARC details
000 -LEADER
fixed length control field 00610nam a22002173 4500
001 - CONTROL NUMBER
control field 11556
003 - CONTROL NUMBER IDENTIFIER
rucl marc code BD-RJUL
005 - DATE AND TIME OF LATEST TRANSACTION
control field 20211208235138.0
008 - FIXED-LENGTH DATA ELEMENTS--GENERAL INFORMATION
fixed length control field 140127s19851981xx 000 0 und d
035 ## - SYSTEM CONTROL NUMBER
System control number (BD-RJUL)11605
040 ## - CATALOGING SOURCE
Original cataloging agency EQO
Transcribing agency EQO
Language of cataloging eng
041 ## - LANGUAGE CODE
Language code of text/sound track or separate title eng
082 ## - DEWEY DECIMAL CLASSIFICATION NUMBER
Classification number 574.192
Author mark and year JAL 1985
100 1# - MAIN ENTRY--PERSONAL NAME
Personal name Jayaraman, J.
9 (RLIN) 35753
245 10 - TITLE STATEMENT
Title Laboratory manual in biochemistry /
Statement of responsibility, etc. J. Jayaraman
260 ## - PUBLICATION, DISTRIBUTION, ETC. (IMPRINT)
Place of publication, distribution, etc. New Delhi :
Name of publisher, distributor, etc. Wiley estern limited,
Date of publication, distribution, etc. 1981.
300 ## - PHYSICAL DESCRIPTION
Pagination vii, 180 P. :
Illustrations ill. ;
Size 18 cm.
504 ## - BIBLIOGRAPHY, ETC. NOTE
Bibliography, etc Includes index
650 ## - SUBJECT ADDED ENTRY--TOPICAL TERM
Topical term or geographic name as entry element Biochemistry
Form subdivision Laboratory manuals
9 (RLIN) 119287
942 ## - ADDED ENTRY ELEMENTS (KOHA)
Source of classification or shelving scheme Dewey Decimal Classification
Koha item type Books
Holdings
Lost status Source of classification or shelving scheme Damaged status Not for loan Collection code Permanent Location Current Location Shelving location Date acquired Source of acquisition Cost, normal purchase price Total Checkouts Full call number Date last seen Copy number Koha item type Date checked out
  Dewey Decimal Classification     Non-fiction Central Library, University of Rajshahi Central Library, University of Rajshahi   06/08/1986 Karim International 20.00   574.192 JAL 1985 27/01/2014 C-10 Books  
  Dewey Decimal Classification     Non-fiction Central Library, University of Rajshahi Central Library, University of Rajshahi   06/08/1986 Karim International 20.00 1 574.192 JAL 1985 05/02/2019 C-9 Books 28/01/2019
  Dewey Decimal Classification   Not For Loan Non-fiction Central Library, University of Rajshahi Central Library, University of Rajshahi Reading Room 04/10/2018       574.192 JAL 1985 04/10/2018 C-1 Books  
  Dewey Decimal Classification     Non-fiction Central Library, University of Rajshahi Central Library, University of Rajshahi   04/10/2018       574.192 JAL 1985 04/10/2018 C-2 Books